Catálogo de la Biblioteca Horacio González - Universidad Nacional de General Sarmiento

Medea (Registro nro. 54572)

Detalles MARC
000 -CABECERA
campo de control de longitud fija 01034ngm a22002410a 4500
001 - NÚMERO DE CONTROL
campo de control PT19544
003 - IDENTIFICADOR DEL NÚMERO DE CONTROL
campo de control AR-LpoUNG
005 - FECHA Y HORA DE LA ÚLTIMA TRANSACCIÓN
campo de control 20210202000312.0
007 - CAMPO FIJO DE DESCRIPCIÓN FÍSICA--INFORMACIÓN GENERAL
campo de control de longitud fija vd cvaizq
008 - DATOS DE LONGITUD FIJA--INFORMACIÓN GENERAL
campo de control de longitud fija 191001s1969||||xxk|||||||||||||||||ita d
037 ## - FUENTE DE ADQUISICIÓN
Condiciones de disponibilidad $9,97
040 ## - FUENTE DE LA CATALOGACIÓN
Centro catalogador/agencia de origen AR-LpoUNG
Lengua de catalogación spa
Centro/agencia transcriptor AR-LpoUNG
Normas de descripción aacr
041 ## - CÓDIGO DE LENGUA
Código de lengua del texto/banda sonora o título independiente ita
082 0# - NÚMERO DE LA CLASIFICACIÓN DECIMAL DEWEY
Número de clasificación 808.82 283med
100 1# - ENTRADA PRINCIPAL--NOMBRE DE PERSONA
Nombre de persona Pasolini, Pier Paolo
Término indicativo de función/relación dir.
245 10 - MENCIÓN DE TÍTULO
Título Medea
260 ## - PUBLICACIÓN, DISTRIBUCIÓN, ETC.
Lugar de publicación, distribución, etc. s.l. :
Nombre del editor, distribuidor, etc. s.n.,
Fecha de publicación, distribución, etc. [1969].
300 ## - DESCRIPCIÓN FÍSICA
Extensión VHS (110 min.) : son., col.
520 ## - SUMARIO, ETC.
Sumario, etc. Es la historia de la maga Medea que, después de haber ayudado a Giasone y los Argonautas a conquistar el Velo de Oro, se fuga con ellos a Corinto, donde vive con el héroe hasta que es repudiada en favor de la hija del Rey Creonte.Muerto el Rey y la Princesa, Medea sacrifica también a los propios hijos antes de que Giasone pueda intervenir.Esta obra trata la tragedia de Eurípides, sin duda este es uno de los mejores filmes del controvertido director, Pier Paolo Pasolini.
653 ## - TÉRMINO DE INDIZACIÓN--NO CONTROLADO
Término no controlado VIDEOS
905 ## - ELEMENTOS DE DATOS E LOCAL, LDE (RLIN)
a 19544
942 ## - ELEMENTOS DE PUNTO DE ACCESO ADICIONAL (KOHA)
Tipo de ítem Koha Video
Existencias
Estado de retiro Estado de pérdida Estado dañado No para préstamo Código de colección Localización permanente Ubicación/localización actual Fecha de adquisición Total de préstamos Signatura topográfica completa Código de barras Fecha visto por última vez Precio válido a partir de Tipo de ítem Koha
        Colección Cine Biblioteca Universidad Nacional de General Sarmiento Biblioteca Universidad Nacional de General Sarmiento 02/02/2021   808.82 283med 00021219 02/02/2021 02/02/2021 Video